<?xml version="1.0" encoding="UTF-8"?><?xml-stylesheet type="text/xsl" href="static/style.xsl"?><OAI-PMH xmlns="http://www.openarchives.org/OAI/2.0/" xmlns:xsi="http://www.w3.org/2001/XMLSchema-instance" xsi:schemaLocation="http://www.openarchives.org/OAI/2.0/ http://www.openarchives.org/OAI/2.0/OAI-PMH.xsd"><responseDate>2026-06-01T02:18:23Z</responseDate><request verb="GetRecord" identifier="oai:riuma.uma.es:10630/36589" metadataPrefix="marc">https://riuma.uma.es/rest/oai/request</request><GetRecord><record><header><identifier>oai:riuma.uma.es:10630/36589</identifier><datestamp>2026-02-03T11:16:33Z</datestamp><setSpec>com_10630_2254</setSpec><setSpec>col_10630_37953</setSpec></header><metadata><record xmlns="http://www.loc.gov/MARC21/slim" xmlns:dcterms="http://purl.org/dc/terms/" xmlns:doc="http://www.lyncode.com/xoai" xmlns:xsi="http://www.w3.org/2001/XMLSchema-instance" xsi:schemaLocation="http://www.loc.gov/MARC21/slim http://www.loc.gov/standards/marcxml/schema/MARC21slim.xsd">
   <leader>00925njm 22002777a 4500</leader>
   <datafield ind2=" " ind1=" " tag="042">
      <subfield code="a">dc</subfield>
   </datafield>
   <datafield ind2=" " ind1=" " tag="720">
      <subfield code="a">Nebro-Urbaneja, Antonio Jesús</subfield>
      <subfield code="e">author</subfield>
   </datafield>
   <datafield ind2=" " ind1=" " tag="720">
      <subfield code="a">Galeano-Brajones, Jesús</subfield>
      <subfield code="e">author</subfield>
   </datafield>
   <datafield ind2=" " ind1=" " tag="720">
      <subfield code="a">Luna-Valero, Francisco</subfield>
      <subfield code="e">author</subfield>
   </datafield>
   <datafield ind2=" " ind1=" " tag="720">
      <subfield code="a">Coello Coello, Carlos A.</subfield>
      <subfield code="e">author</subfield>
   </datafield>
   <datafield ind2=" " ind1=" " tag="260">
      <subfield code="c">2022-11-30</subfield>
   </datafield>
   <datafield ind2=" " ind1=" " tag="520">
      <subfield code="a">NSGA-II is, by far, the most popular metaheuristic that has been adopted for solving&#xd;
multi-objective optimization problems. However, its most common usage, particularly when dealing&#xd;
with continuous problems, is circumscribed to a standard algorithmic configuration similar to the&#xd;
one described in its seminal paper. In this work, our aim is to show that the performance of NSGA-II,&#xd;
when properly configured, can be significantly improved in the context of large-scale optimization.&#xd;
It leverages a combination of tools for automated algorithmic tuning called irace, and a highly&#xd;
configurable version of NSGA-II available in the jMetal framework. Two scenarios are devised: first,&#xd;
by solving the Zitzler–Deb–Thiele (ZDT) test problems, and second, when dealing with a binary realworld&#xd;
problem of the telecommunications domain. Our experiments reveal that an auto-configured&#xd;
version of NSGA-II can properly address test problems ZDT1 and ZDT2 with up to 217 = 131, 072&#xd;
decision variables. The same methodology, when applied to the telecommunications problem, shows&#xd;
that significant improvements can be obtained with respect to the original NSGA-II algorithm when&#xd;
solving problems with thousands of bits.</subfield>
   </datafield>
   <datafield ind1="8" ind2=" " tag="024">
      <subfield code="a">Nebro, A.J.; Galeano- Brajones, J.; Luna, F.; Coello Coello, C.A. Is NSGA-II Ready for Large-Scale Multi-Objective Optimization? Math. Comput. Appl. 2022, 27, 103. https://doi.org/ 10.3390/mca27060103</subfield>
   </datafield>
   <datafield ind1="8" ind2=" " tag="024">
      <subfield code="a">https://hdl.handle.net/10630/36589</subfield>
   </datafield>
   <datafield ind1="8" ind2=" " tag="024">
      <subfield code="a">10.3390/mca27060103</subfield>
   </datafield>
   <datafield tag="653" ind2=" " ind1=" ">
      <subfield code="a">Programación heurística</subfield>
   </datafield>
   <datafield tag="653" ind2=" " ind1=" ">
      <subfield code="a">Algoritmos genéticos</subfield>
   </datafield>
   <datafield tag="653" ind2=" " ind1=" ">
      <subfield code="a">Computación evolutiva</subfield>
   </datafield>
   <datafield tag="653" ind2=" " ind1=" ">
      <subfield code="a">Optimización matemática</subfield>
   </datafield>
   <datafield ind2="0" ind1="0" tag="245">
      <subfield code="a">Is NSGA-II Ready for Large-ScaleMulti-Objective Optimization?</subfield>
   </datafield>
</record>
</metadata></record></GetRecord></OAI-PMH>